| 000 | 00511nam a2200181 a 4500 | ||
|---|---|---|---|
| 001 | 10288 | ||
| 003 | CO-ViMGA | ||
| 008 | 141112s2004 ck r 000 u spa d | ||
| 020 | _a842670719 | ||
| 040 |
_aCO-ViMGA _bspa _cCO-ViMGA |
||
| 082 | 0 | 4 | _a621.366 B12a |
| 100 | 1 |
_aBachs ; L, Cuesta J, Carles N., _913492 |
|
| 245 | 1 | 0 | _aAplicaciones industriales del láser |
| 260 |
_aBarcelona : _bMarcombo, _c1988 |
||
| 300 | _a159p..il. color | ||
| 650 | 1 | 4 |
_aLASER - APLICACIONES INDUSTRIALES _913493 |
| 942 |
_2ddc _cBK |
||
| 999 |
_c21657 _d21657 |
||